OPAC Home

නිල් ලිහිණි සංදේශ කාව්‍ය- Part II (Record no. 224998)

MARC details
000 -LEADER
fixed length control field 00736nam a2200229Ia 4500
003 - CONTROL NUMBER IDENTIFIER
control field LK-CoDNM
005 - DATE AND TIME OF LATEST TRANSACTION
control field 20241101094727.0
008 - FIXED-LENGTH DATA ELEMENTS--GENERAL INFORMATION
fixed length control field 010623t1922 xxu||||| |||| 00| 1 sin d
040 ## - CATALOGING SOURCE
Original cataloging agency LK-CoDNM
Modifying agency LK-CoDNM
Description conventions LK-CoDNM
041 ## - LANGUAGE CODE
Language code of text/sound track or separate title Sinhala; Sinhalese
080 ## - UNIVERSAL DECIMAL CLASSIFICATION NUMBER
Universal Decimal Classification number 104 A 15
942 ## - ADDED ENTRY ELEMENTS (KOHA)
Koha item type Books
100 ## - MAIN ENTRY--PERSONAL NAME
Personal name Sumedha Thero,K.Sri.
245 ## - TITLE STATEMENT
Title නිල් ලිහිණි සංදේශ කාව්‍ය- Part II
246 ## - VARYING FORM OF TITLE
Title proper/short title Nil Lihini Sandesa Kawya
260 ## - PUBLICATION, DISTRIBUTION, ETC. (IMPRINT)
Name of publisher, distributor, etc. The Oriental Literature Society
Place of publication, distribution, etc. Madampe
Date of publication, distribution, etc. 1922
300 ## - PHYSICAL DESCRIPTION
Other physical details lii,92p, 21 cm
650 ## - SUBJECT ADDED ENTRY--TOPICAL TERM
Topical term or geographic name as entry element Ananda Rajakaruna
650 ## - SUBJECT ADDED ENTRY--TOPICAL TERM
Topical term or geographic name as entry element Parani Sinhala kavi Poth
650 ## - SUBJECT ADDED ENTRY--TOPICAL TERM
Topical term or geographic name as entry element Sandesha Literature
650 ## - SUBJECT ADDED ENTRY--TOPICAL TERM
Topical term or geographic name as entry element නිල් ලිහිණි සංදේශ කාව්‍ය- Part II

No items available.

Copyright © 2023 Department of National Museum, Colombo 07, Sri Lanka Funded by UNESCO IFAP UNESCO